| 000 | 00611nam a22002171 4500 | ||
|---|---|---|---|
| 999 |
_c5797 _d5797 |
||
| 001 | 2948781 | ||
| 003 | OSt | ||
| 005 | 20190110094905.0 | ||
| 008 | 00026401970 pau 000 0 eng d | ||
| 020 | _a0875082246 | ||
| 040 |
_aVZK _cVZK _dm/c _dATH |
||
| 082 |
_a248 _bG885S |
||
| 090 |
_aBV4509 _b.G7 1970 |
||
| 100 | 1 |
_aGrubb, Norman P. _q(Norman Percy), _d1895-1993. |
|
| 245 | 1 | 4 |
_aThe spontaneous you, _cby Norman Grubb. |
| 250 | _a1st pbk. ed. | ||
| 260 |
_aFort Washington, Penn., _bChristian Literature Crusade, _c1970,c 1966. |
||
| 300 |
_a128 p. _c19 cm. |
||
| 650 | 0 | _aSpiritual life. | |
| 942 |
_2ddc _cBK |
||